Statistics for Most Premier League Goals for which Club?

Click here to take the quiz!

General Stats

  • This quiz has been taken 1,408 times
    (197 since last reset)
  • The average score is 15 of 40

Answer Stats

PlayerTeamGoals% Correct
Emmanuel AdebayorArsenal46
92%
Nicolas AnelkaChelsea38
86%
Alan ShearerNewcastle United148
73%
Ashley ColeArsenal8
72%
Peter CrouchStoke City21
71%
Samir NasriManchester City18
67%
Jimmy Floyd HasselbainkChelsea69
62%
William GallasChelsea17
57%
Djibril CisséLiverpool13
56%
Louis SahaManchester United28
52%
Emile HeskeyLiverpool39
49%
Paul InceManchester United18
49%
Jermaine JenasTottenham Hotspur21
46%
Stan CollymoreLiverpool26
43%
Stewart DowningMiddlesbrough17
41%
Mark VidukaLeeds United69
40%
Darren BentSunderland32
40%
Kevin DaviesBolton Wanderers67
38%
James BeattieSouthampton68
38%
Dwight YorkeAston Villa60
37%
Dion DublinCoventry City61
37%
Chris SuttonBlackburn Rovers47
35%
Craig BellamyNewcastle United28
35%
Damien DuffBlackburn Rovers21
30%
Gary SpeedNewcastle United29
30%
Yakubu AiyegbeniPortsmouth28
28%
Bobby ZamoraFulham20
27%
Kenwyne JonesSunderland26
21%
Nick BarmbyTottenham Hotspur20
19%
Efan EkokuWimbledon37
16%
Darren HuckerbyCoventry City28
15%
Steven FletcherWolverhampton Wanderers22
15%
Ruel FoxTottenham Hotspur13
14%
Trevor SinclairWest Ham United36
14%
Brian DeaneLeeds United32
13%
Paul DickovLeicester City15
12%
Sebastian LarssonBirmingham City14
11%
Jan Åge FjørtoftSwindon Town12
10%
Matt TaylorBolton Wanderers23
9%
Garry ParkerAston Villa12
7%

Score Distribution

Percentile by Number Answered

Percent of People with Each Score

Your Score History

You have not taken this quiz since the last reset